| 000 | 00000nam##2200000za#4500 |
| 001 | 9.680337 |
| 003 | CaOODSP |
| 005 | 20200421163637 |
| 007 | ta |
| 008 | 150407|1997||||xxc||||| f|0| 0 fre|d |
| 020 | |a0-662-82606-X |
| 040 | |aCaOODSP|bfre |
| 043 | |an-cn--- |
| 086 | 1 |aNH15-191/1997F |
| 110 | 2 |aSociété canadienne d'hypothèques et de logement. |
| 245 | 13|aUn endroit où aller : |bévaluation du programme L'étape suivante de logements de transition au Canada / |cPréparé par SPR Associates Inc. Publié par les Services de vérification et d'évaluation. |
| 260 | |aOttawa - Ontario : |bSociété canadienne d'hypothèques et de logement |c1997. |
| 300 | |avi, 61p. : |bgraphiques, références, tableaux ; |c28 cm. |
| 500 | |aSommaire: Résumé.--Aperçu.--Profil du programme L'étape suivante.--Méthodologie et conduite de l'étude.--La pertinence de L'étape suivante.--Les effets des MHT de L'étape suivante.--Structure et efficacité de l'application de L'étape suivante.--L'ensemble des MHT: effets, besoins et autres questions.--Conclusions. |
| 563 | |aReliure à anneaux |
| 590 | |a98-07|b1998-02-13 |
| 691 | 07|aLogement|2gcpds |
| 775 | 08|tA place to go : |w(CaOODSP)9.646835 |
| 776 | 0#|tUn endroit où aller |w(CaOODSP)9.853693 |